[Event "IX Floripa Chess Open Fort Atacadista"]
[Site "Florianópolis - Santa Catari"]
[Date "2023.01.23"]
[Round "1.214"]
[White "Pavao, Fabio Biasi"]
[Black "Nunes, Lilia"]
[Result "1/2-1/2"]
[WhiteElo "1799"]
[BlackElo "1800"]
[PlyCount "78"]
[EventDate "2023.01.23"]
[EventRounds "10"]
[EventCountry "BRA"]

1. c4 e5 2. g3 Nf6 3. Bg2 Nc6 4. Nc3 Bb4 5. e3 a6 6. Nge2 O-O 7. O-O d6 8. a3
Bc5 9. d4 Ba7 10. b4 Rb8 11. Bb2 Bg4 12. c5 exd4 13. exd4 Qd7 14. Qc2 Bh3 15.
Bxh3 Qxh3 16. Nf4 Qd7 17. Rad1 Rfe8 18. Ncd5 Nxd5 19. Nxd5 Rbc8 20. Rfe1 Re6
21. Nf4 Rxe1+ 22. Rxe1 Re8 23. Qc3 Rxe1+ 24. Qxe1 dxc5 25. dxc5 h6 26. Qc3 Qd1+
27. Kg2 f6 28. Qc4+ Kh8 29. Ng6+ Kh7 30. Qe4 Kg8 31. Qe6+ Kh7 32. Qf5 Kg8 33.
Qc8+ Kh7 34. Nf4 Qc2 35. Qxb7 Qe4+ 36. Kh3 Qf5+ 37. Kg2 Qe4+ 38. Kh3 Qf5+ 39.
Kg2 Qe4+ 1/2-1/2

[Event "IX Floripa Chess Open Fort Atacadista"]
[Site "Florianópolis - Santa Catari"]
[Date "2023.01.23"]
[Round "1.215"]
[White "Pinto, Pedro Daminelli Lag"]
[Black "Lunelli, Neuri Antonio"]
[Result "0-1"]
[WhiteElo "1800"]
[BlackElo "1799"]
[PlyCount "54"]
[EventDate "2023.01.23"]
[EventRounds "10"]
[EventCountry "BRA"]

1. d4 Nf6 2. Bf4 d6 3. e3 g6 4. Nf3 Bg7 5. c3 Nbd7 6. Bd3 c6 7. h3 O-O 8. g4
Re8 9. g5 Nh5 10. Bh2 e5 11. Qc2 exd4 12. cxd4 Nf8 13. h4 Ne6 14. Nbd2 Nxd4 15.
Nxd4 Bxd4 16. O-O-O Bg7 17. Ne4 d5 18. Ng3 Nxg3 19. Bxg3 Qa5 20. Kb1 c5 21. Ka1
c4 22. Bxg6 hxg6 23. h5 Bf5 24. Qe2 c3 25. a3 cxb2+ 26. Ka2 d4 27. h6 Qd5+ 0-1

[Event "IX Floripa Chess Open Fort Atacadista"]
[Site "Florianópolis - Santa Catari"]
[Date "2023.01.23"]
[Round "1.216"]
[White "Cezar, Ricardo De Almeida"]
[Black "Reginato, Daniel Zonta"]
[Result "1-0"]
[WhiteElo "1795"]
[BlackElo "1800"]
[PlyCount "95"]
[EventDate "2023.01.23"]
[EventRounds "10"]
[EventCountry "BRA"]

1. d4 d5 2. c4 c6 3. cxd5 cxd5 4. Nc3 Nf6 5. Bf4 Nc6 6. e3 a6 7. Bd3 g6 8. h3
Bg7 9. Nf3 O-O 10. O-O e6 11. Rc1 Bd7 12. a3 b5 13. b4 Qe7 14. Bg5 Rac8 15. e4
dxe4 16. Nxe4 Rfd8 17. Nc5 Ra8 18. d5 exd5 19. Re1 Qf8 20. Nxd7 Rxd7 21. Rxc6
Rd6 22. Qc2 Rxc6 23. Qxc6 Qc8 24. Qxc8+ Rxc8 25. Rc1 Ra8 26. Be3 Re8 27. Rc6
Re6 28. Rc8+ Re8 29. Rxe8+ Nxe8 30. Bd4 Bh6 31. Bb2 Nd6 32. Kf1 Kf8 33. Ke2 Ke7
34. Nd2 f5 35. Nb3 g5 36. Nc5 g4 37. Nxa6 Kd7 38. Nc5+ Ke7 39. hxg4 fxg4 40.
Be5 Bc1 41. Bxd6+ Kxd6 42. Bxh7 Bxa3 43. Nd3 Ke6 44. Kd2 d4 45. Be4 Kf6 46. f4
g3 47. Kc2 Ke6 48. Kb3 1-0

[Event "IX Floripa Chess Open Fort Atacadista"]
[Site "Florianópolis - Santa Catari"]
[Date "2023.01.23"]
[Round "1.217"]
[White "Ribeiro, Davison Soares"]
[Black "Teixeira, Jonas Carvalho"]
[Result "1-0"]
[WhiteElo "1800"]
[BlackElo "1791"]
[PlyCount "123"]
[EventDate "2023.01.23"]
[EventRounds "10"]
[EventCountry "BRA"]

1. d4 Nf6 2. Bf4 d5 3. Nc3 e6 4. e3 Bb4 5. Nge2 O-O 6. a3 Ba5 7. b4 Bb6 8. Na4
Nbd7 9. Nec3 c6 10. Nxb6 axb6 11. Bd3 Re8 12. Be5 Nxe5 13. dxe5 Nd7 14. f4 Qh4+
15. g3 Qh3 16. Bf1 Qh6 17. e4 Nxe5 18. fxe5 Qe3+ 19. Ne2 Qxe4 20. Rg1 Qxe5 21.
Bg2 Qh5 22. Qd3 e5 23. O-O-O Bf5 24. Qe3 d4 25. g4 Bxg4 26. Qg3 Qh6+ 27. Kb2
Bxe2 28. Rde1 d3 29. Be4 Rad8 30. cxd3 Qd2+ 31. Kb3 g6 32. Qg2 Rxd3+ 33. Bxd3
Qxd3+ 34. Kb2 Qd4+ 35. Ka2 Bc4+ 36. Kb1 Rd8 37. Qb2 Bd3+ 38. Ka1 e4 39. h4 f5
40. h5 Kg7 41. Rc1 b5 42. Rgd1 Qxb2+ 43. Kxb2 g5 44. Rc5 Kf6 45. a4 bxa4 46. b5
Rd5 47. Rxd5 cxd5 48. b6 f4 49. Ra1 Bb5 50. Rc1 Bc6 51. Rxc6+ Ke5 52. Rc7 Kd6
53. Rxb7 Kc6 54. Rxh7 Kxb6 55. Rg7 f3 56. h6 f2 57. Rf7 e3 58. h7 e2 59. h8=Q
e1=Q 60. Qd4+ Kc6 61. Rf6+ Kc7 62. Qa7+ 1-0

[Event "IX Floripa Chess Open Fort Atacadista"]
[Site "Florianópolis - Santa Catari"]
[Date "2023.01.23"]
[Round "1.218"]
[White "Panazzolo, Paulo Victor"]
[Black "Ribeiro, Dionatan Lua Franze"]
[Result "1-0"]
[WhiteElo "1788"]
[BlackElo "1800"]
[PlyCount "51"]
[EventDate "2023.01.23"]
[EventRounds "10"]
[EventCountry "BRA"]

1. e4 c5 2. Nf3 d6 3. d4 cxd4 4. Nxd4 a6 5. Nc3 Nc6 6. Be3 Nf6 7. Qd2 e6 8. Be2
Be7 9. O-O-O Qc7 10. g4 Nxd4 11. Bxd4 e5 12. Be3 Bxg4 13. Rhg1 Bxe2 14. Qxe2 b5
15. Rxg7 Qa5 16. Kb1 Rc8 17. Qd3 Rc4 18. Nd5 Nxd5 19. Qxd5 Qc7 20. Qxf7+ Kd8
21. Bb6 Qxb6 22. Qxe7+ Kc8 23. Rxd6 Qxd6 24. Qxd6 Rd8 25. Qxa6+ Kb8 26. Qb7#
1-0

[Event "IX Floripa Chess Open Fort Atacadista"]
[Site "Florianópolis - Santa Catari"]
[Date "2023.01.23"]
[Round "1.219"]
[White "Sikorski, Valentim Enrico"]
[Black "Encina, Adrian Andres"]
[Result "0-1"]
[WhiteElo "1800"]
[BlackElo "1787"]
[PlyCount "28"]
[EventDate "2023.01.23"]
[EventRounds "10"]
[EventCountry "BRA"]

1. e4 e5 2. Bc4 Nf6 3. Qh5 Nxh5 4. Nf3 Nc6 5. O-O Bc5 6. Re1 O-O 7. c3 d6 8. h3
Be6 9. d4 exd4 10. cxd4 Nxd4 11. Nxd4 Bxd4 12. Bxe6 fxe6 13. Nd2 Bxf2+ 14. Kf1
Ng3# 0-1

[Event "IX Floripa Chess Open Fort Atacadista"]
[Site "Florianópolis - Santa Catari"]
[Date "2023.01.23"]
[Round "1.220"]
[White "Sergio Filho, Claudio Santos"]
[Black "Silveira, Benicio Solon"]
[Result "1-0"]
[WhiteElo "1786"]
[BlackElo "1800"]
[PlyCount "28"]
[EventDate "2023.01.23"]
[EventRounds "10"]
[EventCountry "BRA"]

1. Nf3 c5 2. g3 Nc6 3. Bg2 Nf6 4. O-O e6 5. d3 d5 6. Nbd2 a6 7. e4 dxe4 8. dxe4
Bd7 9. c3 Be7 10. Qe2 O-O 11. Re1 h6 12. a4 a5 13. Nc4 Qc8 14. Nb6 Qb8 1-0

[Event "IX Floripa Chess Open Fort Atacadista"]
[Site "Florianópolis - Santa Catari"]
[Date "2023.01.23"]
[Round "1.221"]
[White "Silver, Fernanda Luise"]
[Black "Bezerra, Wiltemberg Barros"]
[Result "0-1"]
[WhiteElo "1800"]
[BlackElo "1786"]
[PlyCount "46"]
[EventDate "2023.01.23"]
[EventRounds "10"]
[EventCountry "BRA"]

1. e4 Nf6 2. e5 Nd5 3. Nf3 d6 4. c4 Nb6 5. Be2 Nc6 6. d4 Bg4 7. Nbd2 e6 8. O-O
Be7 9. h3 Bh5 10. a4 a5 11. b3 O-O 12. exd6 cxd6 13. Ne4 Bg6 14. Nc3 Nb4 15.
Ne1 d5 16. c5 Nc8 17. Bf4 b6 18. Be3 Bf6 19. Rc1 bxc5 20. Nf3 cxd4 21. Nxd4 e5
22. Nxd5 Nxd5 23. Nc6 Nxe3 0-1

[Event "IX Floripa Chess Open Fort Atacadista"]
[Site "Florianópolis - Santa Catari"]
[Date "2023.01.23"]
[Round "1.222"]
[White "Ferreira, Rodrigo Maycon Mira"]
[Black "Souza, Vitor Gabriel Batis"]
[Result "1-0"]
[WhiteElo "1781"]
[BlackElo "1800"]
[PlyCount "73"]
[EventDate "2023.01.23"]
[EventRounds "10"]
[EventCountry "BRA"]

1. g4 d5 2. Bg2 e5 3. d4 e4 4. c4 c6 5. Nc3 Bb4 6. h3 h5 7. g5 dxc4 8. Bxe4 Ne7
9. Bg2 Qa5 10. Bd2 Bxc3 11. bxc3 Nd5 12. e4 Nb6 13. Nf3 Be6 14. O-O N8d7 15. a4
f5 16. exf5 Qxf5 17. Nh4 Qf7 18. Re1 O-O 19. f4 Bf5 20. Nxf5 Qxf5 21. Qxh5 Nf6
22. Qh4 Qh7 23. Qxh7+ Nxh7 24. Bf1 Kh8 25. Kg2 Nd5 26. Kg3 Rfe8 27. Bxc4 Nf8
28. a5 Ne6 29. Rab1 Nec7 30. Rxe8+ Rxe8 31. Rxb7 Nxc3 32. Bxc3 Re3+ 33. Kh4
Rxc3 34. Rb8+ Kh7 35. Bg8+ Kh8 36. g6 Re3 37. Be6+ 1-0

[Event "IX Floripa Chess Open Fort Atacadista"]
[Site "Florianópolis - Santa Catari"]
[Date "2023.01.23"]
[Round "1.223"]
[White "Toigo, John Edward"]
[Black "Da Silva, Daniel Pereira"]
[Result "0-1"]
[WhiteElo "1800"]
[BlackElo "1775"]
[PlyCount "76"]
[EventDate "2023.01.23"]
[EventRounds "10"]
[EventCountry "BRA"]

1. e4 c5 2. Nf3 e6 3. d4 cxd4 4. Nxd4 Nc6 5. Nc3 Qc7 6. Be3 a6 7. Qf3 Nf6 8.
Be2 Bd6 9. Nxc6 bxc6 10. h3 Be5 11. Bd2 d5 12. exd5 cxd5 13. O-O Bb7 14. Bd3
O-O 15. Rfe1 Rac8 16. Qe2 Bd6 17. Rac1 Qc6 18. a3 e5 19. Bf5 Rce8 20. Bg5 Bc5
21. Qf3 e4 22. Qg3 g6 23. Qh4 Nh5 24. Bg4 Ng7 25. Bf6 d4 26. Nd5 h5 27. Ne7+
Bxe7 28. Bxe7 hxg4 29. Bxf8 Rxf8 30. Qxg4 Nf5 31. h4 Kg7 32. h5 Rh8 33. hxg6
fxg6 34. Qg5 Qd6 35. g3 e3 36. fxe3 Rh1+ 37. Kf2 dxe3+ 38. Rxe3 Qd2+ 0-1

[Event "IX Floripa Chess Open Fort Atacadista"]
[Site "Florianópolis - Santa Catari"]
[Date "2023.01.23"]
[Round "1.224"]
[White "Moro, Antonio Renato Pere"]
[Black "Trentini, Agata Papini"]
[Result "1-0"]
[WhiteElo "1770"]
[BlackElo "1800"]
[PlyCount "59"]
[EventDate "2023.01.23"]
[EventRounds "10"]
[EventCountry "BRA"]

1. e4 e5 2. f4 d6 3. Nf3 Nf6 4. Nc3 Nc6 5. Bb5 Bd7 6. O-O Be7 7. d3 O-O 8. a4
Be6 9. d4 exd4 10. Nxd4 Bg4 11. Nf3 a6 12. Bc4 Na5 13. Ba2 c6 14. Qd3 d5 15. e5
Bc5+ 16. Kh1 Nh5 17. Ne2 d4 18. Bd2 Bb6 19. b4 c5 20. bxa5 Bxa5 21. Bxa5 Qxa5
22. Bd5 Rab8 23. h3 Bd7 24. g4 Nxf4 25. Nxf4 Bxa4 26. e6 fxe6 27. Nxe6 Rfc8 28.
Nfg5 Bxc2 29. Nd8+ Kh8 30. Rf8# 1-0

[Event "IX Floripa Chess Open Fort Atacadista"]
[Site "Florianópolis - Santa Catari"]
[Date "2023.01.23"]
[Round "1.225"]
[White "Arnosti, Marcelo Gusmao"]
[Black "Machado, Luiz Fernando"]
[Result "0-1"]
[WhiteElo "1789"]
[BlackElo "1768"]
[PlyCount "56"]
[EventDate "2023.01.23"]
[EventRounds "10"]
[EventCountry "BRA"]

1. d4 e6 2. c4 f5 3. Nf3 Nf6 4. Nc3 d5 5. e3 c6 6. a3 Bd6 7. Bd3 O-O 8. c5 Bc7
9. O-O Ne4 10. Qc2 Nd7 11. b4 Rf6 12. Bb2 Rh6 13. Ne2 Bxh2+ 14. Kh1 Bc7+ 15.
Kg1 Qe8 16. Bxe4 fxe4 17. Ng5 Qh5 18. Nh3 Qg4 19. f3 exf3 20. Rxf3 Rg6 21. Nef4
Qxf3 22. Nxg6 Qxe3+ 23. Kf1 hxg6 24. Re1 Qg3 25. Qd2 Nf6 26. Re3 Qh2 27. Qe2
Qh1+ 28. Ng1 Bh2 0-1

[Event "IX Floripa Chess Open Fort Atacadista"]
[Site "Florianópolis - Santa Catari"]
[Date "2023.01.23"]
[Round "1.226"]
[White "Gadea, Fernando"]
[Black "Baena, Mauricio"]
[Result "1-0"]
[WhiteElo "1768"]
[BlackElo "1784"]
[PlyCount "47"]
[EventDate "2023.01.23"]
[EventRounds "10"]
[EventCountry "BRA"]

1. d4 d6 2. Nc3 Nf6 3. Bf4 g6 4. e4 Bg7 5. Qd2 c6 6. f3 b5 7. Bd3 Nbd7 8. Nge2
b4 9. Nd1 a5 10. Bh6 Bxh6 11. Qxh6 Qc7 12. O-O c5 13. c3 c4 14. Bc2 Ba6 15. Re1
Rb8 16. Nf4 e5 17. Nd5 Nxd5 18. exd5 Nf6 19. dxe5 dxe5 20. Ba4+ Bb5 21. Bxb5+
Rxb5 22. Kh1 Rxd5 23. Qg7 Rd2 24. Qxf6 1-0

[Event "IX Floripa Chess Open Fort Atacadista"]
[Site "Florianópolis - Santa Catari"]
[Date "2023.01.23"]
[Round "1.227"]
[White "Da Silva, Carlos Rafael Rego"]
[Black "Fischer Junior, Donaldo"]
[Result "0-1"]
[WhiteElo "1778"]
[BlackElo "1763"]
[PlyCount "58"]
[EventDate "2023.01.23"]
[EventRounds "10"]
[EventCountry "BRA"]

1. e4 c5 2. Nf3 Nc6 3. d4 cxd4 4. Nxd4 g6 5. Nc3 Bg7 6. Be3 d6 7. Qd2 Nf6 8. f3
O-O 9. Bc4 Na5 10. Bb3 a6 11. O-O-O Nxb3+ 12. axb3 b5 13. Nc6 Qc7 14. Nd5 Nxd5
15. exd5 Bb7 16. h4 Bxc6 17. dxc6 Qxc6 18. h5 Rac8 19. hxg6 fxg6 20. Rdf1 Rf7
21. Kb1 e6 22. g4 a5 23. Qh2 Bh8 24. f4 a4 25. f5 axb3 26. c3 Qe4+ 27. Kc1 Ra8
28. Kd2 Qc2+ 29. Ke1 Ra1+ 0-1

[Event "IX Floripa Chess Open Fort Atacadista"]
[Site "Florianópolis - Santa Catari"]
[Date "2023.01.23"]
[Round "1.228"]
[White "Zabala, Antonio Murara"]
[Black "Biazon, Heloise De Oliveira"]
[Result "0-1"]
[WhiteElo "1761"]
[BlackElo "1773"]
[PlyCount "48"]
[EventDate "2023.01.23"]
[EventRounds "10"]
[EventCountry "BRA"]

1. e4 e6 2. d4 d5 3. Nd2 c5 4. exd5 exd5 5. Ngf3 Nf6 6. Be2 Bd6 7. dxc5 Bxc5 8.
Nb3 Bb6 9. O-O O-O 10. Bg5 h6 11. Bh4 Nc6 12. c3 Re8 13. Qd2 Bf5 14. Rfe1 Qd6
15. Bxf6 Qxf6 16. Qxd5 Rad8 17. Qc4 Ne5 18. Qf4 Ng6 19. Qg3 Re7 20. Bb5 Bc7 21.
Rxe7 Bxg3 22. Rxb7 Be4 23. Rxa7 Bxf2+ 24. Kxf2 Qb6+ 0-1

[Event "IX Floripa Chess Open Fort Atacadista"]
[Site "Florianópolis - Santa Catari"]
[Date "2023.01.23"]
[Round "1.230"]
[White "Mesquita, Arnaldo Leite"]
[Black "Chagas, Gefster"]
[Result "1-0"]
[WhiteElo "1760"]
[BlackElo "1752"]
[PlyCount "86"]
[EventDate "2023.01.23"]
[EventRounds "10"]
[EventCountry "BRA"]

1. Nf3 f5 2. d4 d5 3. c4 c6 4. cxd5 cxd5 5. e3 Nf6 6. Nc3 e6 7. Be2 Nc6 8. O-O
a6 9. Bd2 Bd6 10. Rc1 O-O 11. a3 Bd7 12. Ne1 Rc8 13. Nd3 Ne7 14. b4 b6 15. Ne5
Be8 16. Bxa6 Ra8 17. Qe2 Qb8 18. Nb1 Bxe5 19. dxe5 Qxe5 20. Bc3 Qd6 21. Bb5 Ng4
22. g3 h5 23. Bxe8 Raxe8 24. f4 Ng6 25. h3 Nf6 26. Bxf6 Rxf6 27. Qb5 Rff8 28.
Rc6 Qe7 29. Qxb6 h4 30. Rc7 Qf6 31. Qd4 e5 32. Qxd5+ Kh8 33. Rc6 Ne7 34. Rxf6
Nxd5 35. Rxf8+ Rxf8 36. fxe5 hxg3 37. Re1 Nc7 38. Kg2 g5 39. Kxg3 Rd8 40. h4 g4
41. Kf4 Kg7 42. e4 Rd4 43. Nc3 Kg6 1-0

[Event "IX Floripa Chess Open Fort Atacadista"]
[Site "Florianópolis - Santa Catari"]
[Date "2023.01.23"]
[Round "1.231"]
[White "Baratieri, Maria Vitoria"]
[Black "Miranda Fernandez, Marcos Manuel"]
[Result "0-1"]
[WhiteElo "1743"]
[BlackElo "1759"]
[PlyCount "116"]
[EventDate "2023.01.23"]
[EventRounds "10"]
[EventCountry "BRA"]

1. d4 d5 2. c4 e6 3. Nc3 f5 4. Nf3 Nf6 5. e3 c6 6. cxd5 exd5 7. Be2 Bd6 8. O-O
Qe7 9. Ne5 Bxe5 10. dxe5 Qxe5 11. Qd4 Nbd7 12. h3 O-O 13. Bf3 Ne4 14. Nxe4 fxe4
15. Bg4 Qg5 16. b3 Ne5 17. f4 exf3 18. e4 Qe7 19. Bxf3 Nxf3+ 20. Rxf3 Rxf3 21.
gxf3 Bxh3 22. Kf2 Qh4+ 23. Ke2 Qg3 24. Bb2 Qg2+ 25. Kd3 Qxf3+ 26. Kd2 Qg2+ 27.
Kc3 Qg3+ 28. Kb4 a5+ 29. Ka3 Qd6+ 30. b4 Qxb4+ 31. Qxb4 axb4+ 32. Kxb4 dxe4 33.
Bd4 Re8 34. Be3 Bf5 35. Rd1 Kf7 36. Rd6 g6 37. a4 h5 38. a5 h4 39. Rd1 h3 40.
Rh1 Rd8 41. Kc5 Rd3 42. Bf4 e3 43. Bxe3 Rxe3 44. Kb6 Rb3+ 45. Kc5 Rb2 46. Kd4
h2 47. Ke3 Be6 48. Rf1+ Kg7 49. Ke4 Bd5+ 50. Kd4 Rg2 51. Rh1 Rg4+ 52. Kc5 Bxh1
53. Kb6 Bd5 54. Kxb7 h1=Q 55. a6 Rb4+ 56. Ka7 Qg1+ 57. Ka8 c5+ 58. Ka7 c4# 0-1

[Event "IX Floripa Chess Open Fort Atacadista"]
[Site "Florianópolis - Santa Catari"]
[Date "2023.01.23"]
[Round "1.232"]
[White "Mariot Vaz, Joao Antonio Bertol"]
[Black "Lisboa, Maria Eduarda Mazza"]
[Result "1-0"]
[WhiteElo "1756"]
[BlackElo "1743"]
[PlyCount "63"]
[EventDate "2023.01.23"]
[EventRounds "10"]
[EventCountry "BRA"]

1. e4 d5 2. exd5 Qxd5 3. Nc3 Qa5 4. d4 c6 5. Bc4 Nf6 6. Nge2 Bf5 7. O-O e6 8.
Ng3 Bg6 9. f4 Bb4 10. f5 exf5 11. Qe2+ Be7 12. Bg5 Nbd7 13. Rae1 Qd8 14. Nxf5
Bxf5 15. Rxf5 O-O 16. Qxe7 Qxe7 17. Rxe7 h6 18. Bxf6 Nxf6 19. Rxb7 Rfb8 20.
Rxf7 Kh8 21. Bb3 Rf8 22. Rxf8+ Rxf8 23. Ne4 Kh7 24. Nxf6+ gxf6 25. c4 Kg6 26.
Rc5 Rd8 27. d5 cxd5 28. cxd5 Kf7 29. d6+ Ke8 30. Ba4+ Kf7 31. d7 Ke6 32. Rc3
1-0

[Event "IX Floripa Chess Open Fort Atacadista"]
[Site "Florianópolis - Santa Catari"]
[Date "2023.01.23"]
[Round "1.233"]
[White "Seara, Sophia Parisotto"]
[Black "Mendonca, Erico"]
[Result "0-1"]
[WhiteElo "1739"]
[BlackElo "1756"]
[PlyCount "30"]
[EventDate "2023.01.23"]
[EventRounds "10"]
[EventCountry "BRA"]

1. d4 d5 2. c4 c6 3. Nc3 e6 4. Nf3 Bd6 5. e3 f5 6. Ne5 Nf6 7. f3 Nbd7 8. Nxd7
Bxd7 9. Bd3 O-O 10. e4 fxe4 11. fxe4 Nxe4 12. Nxe4 dxe4 13. Bxe4 Qh4+ 14. g3
Qxe4+ 15. Kd2 Bb4# 0-1

[Event "IX Floripa Chess Open Fort Atacadista"]
[Site "Florianópolis - Santa Catari"]
[Date "2023.01.23"]
[Round "1.234"]
[White "Sarda, Pedro Sada"]
[Black "De Almeida, Leticia Moraes"]
[Result "1-0"]
[WhiteElo "1755"]
[BlackElo "1731"]
[PlyCount "75"]
[EventDate "2023.01.23"]
[EventRounds "10"]
[EventCountry "BRA"]

1. d4 d5 2. Nf3 Nc6 3. e3 Bf5 4. a3 Nf6 5. Be2 e6 6. O-O Bd6 7. Nbd2 O-O 8. b3
Ne4 9. Bb2 Qf6 10. c4 Rfe8 11. b4 Qh6 12. c5 Be7 13. Nb3 a6 14. Qc1 Na7 15. a4
Ng5 16. b5 Be4 17. Nxg5 Qxg5 18. f3 Bf5 19. bxa6 bxa6 20. Bxa6 Bh3 21. Rf2 Nc6
22. Bb5 Reb8 23. Bxc6 Ra6 24. Bb5 Ra7 25. Kh1 Bf5 26. Qc3 Qh6 27. Kg1 Qg6 28.
Na5 Re8 29. Bxe8 Bh4 30. Re2 h5 31. Nc6 Kf8 32. Ne5 Qh7 33. Bc6 f6 34. Nd7+ Ke7
35. Qb4 g5 36. Qb8 Qg7 37. Nb6 Qf8 38. Qxa7 1-0

[Event "IX Floripa Chess Open Fort Atacadista"]
[Site "Florianópolis - Santa Catari"]
[Date "2023.01.23"]
[Round "1.235"]
[White "Silva, Diego Augusto De S."]
[Black "Silvestre, Gilmar Severino"]
[Result "0-1"]
[WhiteElo "1715"]
[BlackElo "1749"]
[PlyCount "50"]
[EventDate "2023.01.23"]
[EventRounds "10"]
[EventCountry "BRA"]

1. d4 Nf6 2. Nf3 e6 3. Bf4 d5 4. e3 Bd6 5. Bg3 Bxg3 6. hxg3 Nbd7 7. Bd3 c5 8.
c3 Qc7 9. Nbd2 b6 10. Qa4 O-O 11. Ng5 g6 12. O-O-O Kg7 13. Kb1 h6 14. Ngf3 c4
15. Be2 Bb7 16. Rh4 a6 17. Rdh1 b5 18. Qc2 Rh8 19. Ng1 Ne4 20. Nxe4 dxe4 21. g4
Bd5 22. f4 b4 23. f5 g5 24. R4h2 Rab8 25. Ka1 b3 0-1

[Event "IX Floripa Chess Open Fort Atacadista"]
[Site "Florianópolis - Santa Catari"]
[Date "2023.01.23"]
[Round "1.236"]
[White "Melo, Igor De Souza"]
[Black "Da Silva Neto, Edvalte Jose"]
[Result "1-0"]
[WhiteElo "1749"]
[BlackElo "1707"]
[PlyCount "55"]
[EventDate "2023.01.23"]
[EventRounds "10"]
[EventCountry "BRA"]

1. e4 e5 2. Nf3 d6 3. d4 Nd7 4. Nc3 Ngf6 5. Bc4 g6 6. Ng5 Bg7 7. Bxf7+ Ke7 8.
Ne6 Kxf7 9. Nxd8+ Rxd8 10. d5 Nc5 11. f3 c6 12. b4 Na6 13. a3 c5 14. bxc5 dxc5
15. O-O c4 16. Be3 b6 17. f4 Ng4 18. fxe5+ Nf6 19. exf6 Bxf6 20. e5 Bf5 21.
exf6 Re8 22. d6 Rxe3 23. Qd5+ Be6 24. Qxa8 Bd7 25. Qxa7 Nc5 26. Qxb6 Re5 27.
Rae1 Rf5 28. Rxf5 1-0

[Event "IX Floripa Chess Open Fort Atacadista"]
[Site "Florianópolis - Santa Catari"]
[Date "2023.01.23"]
[Round "1.237"]
[White "Motta, Agahta Dos Santos"]
[Black "Reinaldo Dos Santos, Julio"]
[Result "0-1"]
[WhiteElo "1704"]
[BlackElo "1749"]
[PlyCount "62"]
[EventDate "2023.01.23"]
[EventRounds "10"]
[EventCountry "BRA"]

1. d4 Nf6 2. c4 g6 3. Nc3 Bg7 4. Nf3 d6 5. g3 O-O 6. Bg2 Nc6 7. O-O Bf5 8. h3
e5 9. dxe5 dxe5 10. Qxd8 Raxd8 11. Ne1 h6 12. f4 exf4 13. Bxf4 Rd7 14. Rd1 Re7
15. g4 Be6 16. b3 g5 17. Bc1 Rd8 18. Rxd8+ Nxd8 19. Ba3 Rd7 20. Nf3 Nxg4 21.
Nd1 Ne5 22. Nxe5 Bxe5 23. e3 Rd2 24. Be7 Nc6 25. Bxc6 bxc6 26. Nf2 Rxa2 27. Ng4
Bxg4 28. hxg4 Ra1 29. Rxa1 Bxa1 30. Bd8 Be5 31. c5 Kf8 0-1

[Event "IX Floripa Chess Open Fort Atacadista"]
[Site "Florianópolis - Santa Catari"]
[Date "2023.01.23"]
[Round "1.238"]
[White "De Paula, Luan Araujo"]
[Black "Buffon, Maria Ivy Segalin"]
[Result "1-0"]
[WhiteElo "1747"]
[BlackElo "1703"]
[PlyCount "41"]
[EventDate "2023.01.23"]
[EventRounds "10"]
[EventCountry "BRA"]

1. d4 d5 2. Bf4 e6 3. Nf3 Nf6 4. e3 Nbd7 5. h3 c5 6. c3 b6 7. Be2 Ne4 8. Nbd2
Ndf6 9. O-O Bd6 10. Nxe4 Nxe4 11. Ne5 f6 12. Bb5+ Kf8 13. f3 fxe5 14. dxe5 Bb8
15. fxe4 Kg8 16. exd5 exd5 17. Bc6 Ba6 18. Qxd5+ Qxd5 19. Bxd5+ Kf8 20. Bg5+
Ke8 21. Bc6# 1-0

[Event "IX Floripa Chess Open Fort Atacadista"]
[Site "Florianópolis - Santa Catari"]
[Date "2023.01.23"]
[Round "1.239"]
[White "Berteli, Laura Manarim"]
[Black "De Oliveira, Jairo Quintiliano"]
[Result "0-1"]
[WhiteElo "1682"]
[BlackElo "1745"]
[PlyCount "70"]
[EventDate "2023.01.23"]
[EventRounds "10"]
[EventCountry "BRA"]

1. e4 e5 2. Nf3 Nc6 3. Bb5 a6 4. Ba4 Nf6 5. Nc3 b5 6. Bb3 Bc5 7. d3 d6 8. h3
Be6 9. Be3 Bb4 10. a3 Ba5 11. Ng5 Bxb3 12. cxb3 O-O 13. O-O d5 14. exd5 Nxd5
15. Nxd5 Qxd5 16. Qh5 h6 17. Rad1 hxg5 18. Bxg5 f6 19. Bd2 Bxd2 20. Rxd2 Nd4
21. Re1 Nxb3 22. Rde2 Rad8 23. Re4 Qf7 24. Qf5 Nd4 25. Qg4 f5 26. Qh4 fxe4 27.
Rxe4 Nf5 28. Qg5 Rxd3 29. Rg4 Qf6 30. Qh5 Nh6 31. Rg6 Qxf2+ 32. Kh2 Qf4+ 33.
Rg3 Qxg3+ 34. Kg1 Rd2 35. Kh1 Rf1# 0-1

[Event "IX Floripa Chess Open Fort Atacadista"]
[Site "Florianópolis - Santa Catari"]
[Date "2023.01.23"]
[Round "1.240"]
[White "Arndt, Claudio Felipe"]
[Black "Santos, Camila Marinho Godo"]
[Result "1-0"]
[WhiteElo "1744"]
[BlackElo "1669"]
[PlyCount "41"]
[EventDate "2023.01.23"]
[EventRounds "10"]
[EventCountry "BRA"]

1. d4 Nf6 2. Bf4 g6 3. Nc3 d5 4. Qd2 Nh5 5. Bg5 Nc6 6. f3 Bg7 7. e3 O-O 8.
O-O-O Bf5 9. g4 Be6 10. gxh5 gxh5 11. Bd3 Qd6 12. Nge2 Nb4 13. Rdg1 c5 14. Bh6
f6 15. Rxg7+ Kh8 16. Rxh7+ Kg8 17. Rg1+ Bg4 18. fxg4 Qxh2 19. gxh5+ Qxg1+ 20.
Nxg1 Rf7 21. Qg2+ 1-0

[Event "IX Floripa Chess Open Fort Atacadista"]
[Site "Florianópolis - Santa Catari"]
[Date "2023.01.23"]
[Round "1.241"]
[White "Reis Neto, Agassiz Rubim Da S"]
[Black "Cabral, Vinicius Albuquerqu"]
[Result "0-1"]
[WhiteElo "1649"]
[BlackElo "1744"]
[PlyCount "43"]
[EventDate "2023.01.23"]
[EventRounds "10"]
[EventCountry "BRA"]

1. e4 c5 2. Nf3 e6 3. Nc3 Nc6 4. d4 cxd4 5. Nxd4 Bb4 6. Nxc6 bxc6 7. Bd2 Qc7 8.
Bd3 Ne7 9. a3 Ba5 10. O-O O-O 11. b4 Bb6 12. Qg4 d5 13. Rfe1 dxe4 14. Bxe4 f5
15. Bxf5 exf5 16. Qh4 Ng6 17. Qc4+ Kh8 18. a4 Ne5 19. Qh4 Ng4 20. Be3 Bxe3 21.
fxe3 Qe5 22. Nd1 0-1

[Event "IX Floripa Chess Open Fort Atacadista"]
[Site "Florianópolis - Santa Catari"]
[Date "2023.01.23"]
[Round "1.242"]
[White "Hirano, Enzo Erich Kreutz"]
[Black "Goncalves, Djenifer"]
[Result "1-0"]
[WhiteElo "1741"]
[BlackElo "1597"]
[PlyCount "75"]
[EventDate "2023.01.23"]
[EventRounds "10"]
[EventCountry "BRA"]

1. e4 e6 2. d4 d5 3. Nd2 c5 4. exd5 exd5 5. Bb5+ Bd7 6. Bxd7+ Qxd7 7. dxc5 Nf6
8. Nb3 Be7 9. Ne2 O-O 10. O-O Na6 11. Be3 Rac8 12. c3 Qb5 13. Ned4 Qd7 14. f3
Nxc5 15. Nxc5 Bxc5 16. Qd3 Rfe8 17. Rfe1 Re7 18. Bf2 Rce8 19. Rxe7 Rxe7 20. Re1
Nh5 21. Rxe7 Qxe7 22. Qe3 Nf6 23. Qxe7 Bxe7 24. Nf5 Bd8 25. Bxa7 g6 26. Ne3 h5
27. Bd4 Kg7 28. Nxd5 g5 29. Kf2 Kg6 30. Bxf6 Bxf6 31. Nxf6 Kxf6 32. Ke3 Ke5 33.
g4 hxg4 34. fxg4 f5 35. gxf5 Kxf5 36. h3 Kg6 37. Kf3 Kf5 38. a4 1-0